000 00999nam a22002177a 4500
005 20090121151350.0
008 090121t xxu||||| |||| 00| 0 hin d
010 _aHIN-93801
020 _c115.00
_a818523453x
035 _aHN-66147
037 _bDBAD /PUB
040 _aDPL
_bHN
082 _a155.41
100 _aजैन, अनुराग
_933818
245 _aशैक्षिक मनोविज्ञान /
_cअनुराग जैन
260 _aजयपुर
_bएम.आर. इन्टरनेशनल
_c2010
270 _aओ-16, मालन का चौराहा, मालवीय मार्ग, सी-स्कीम
_bजयपुर
_e302 001
_k0141-2378828
300 _a122पृ.
_c22सेमी (अजिल्द)
942 _2ddc
_cHN
_mजैनअ
_h155.41
999 _c56038
_d56038